[Event "25. Ciudad de Linares-Morelia"]
[Site "Morelia/Linares MEX/ESP"]
[Date "2008.02.22"]
[Round "6.2"]
[White "Aronian, Levon"]
[Black "Leko, Peter"]
[Result "1/2-1/2"]
[WhiteElo "2739"]
[BlackElo "2753"]
[PlyCount "99"]
[EventDate "2008.02.15"]
[Source "www.chesslib.no"]
[SourceDate "2004.05.04"]

1. c4 c5 2. Nf3 Nf6 3. Nc3 Nc6 4. d4 cxd4 5. Nxd4 e6 6. g3 Qb6 7. Ndb5 Ne5 8. Bf4 Nfg4 9. Qa4 g5 10. Bxe5 Nxe5 11. O-O-O a6 12. e3 Rb8 13. Nd4 Qc7 14. Be2 Be7 15. Kb1 Nc6 16. Rc1 Qe5 17. Rhd1 h5 18. Ka1 g4 19. Bf1 f5 20. Bg2 Kf7 21. h3 Bf6 22. Qc2 Ne7 23. Nce2 b5 24. cxb5 axb5 25. Nf4 d5 26. Qc5 Rb7 27. Qb4 Bd7 28. Nd3 Qb8 29. Nc5 Qd6 30. Qa5 Rc7 31. Nxd7 Rxd7 32. hxg4 hxg4 33. Bf1 b4 34. Nb5 Qe5 35. Qxb4 Ra8 36. Rd2 Qb8 37. Kb1 Be5 38. Rdc2 Rda7 39. a3 Ra4 40. Qb3 Qb6 41. Rc5 R4a5 42. Be2 Rb8 43. Qb4 Kf6 44. R1c2 Rh8 45. e4 fxe4 46. Bxg4 Rha8 47. Rc1 Ra4 48. Qd2 Rxa3 49. Nxa3 Rxa3 50. Rc6 1/2-1/2

[Event "Olimpiadi 2008 - open"]
[Site "Dresda GER"]
[Date "2008.11.22"]
[Round "9"]
[White "Sargissian, G."]
[Black "Avrukh, B."]
[Result "1-0"]
[WhiteElo "2642"]
[BlackElo "2657"]
[PlyCount "125"]
[EventDate "2008.11.13"]
[Source "www.chesslib.no"]
[SourceDate "2004.05.04"]

1. Nf3 c5 2. c4 Nc6 3. d4 cxd4 4. Nxd4 Nf6 5. Nc3 e6 6. g3 Qb6 7. Ndb5 Ne5 8. Bf4 Nfg4 9. Qa4 a6 10. f3 g5 11. Bxg5 f6 12. Bf4 Ne3 13. Nc7+ Qxc7 14. Bxe3 Nxc4 15. Bf4 Qc5 16. Ne4 Qb4+ 17. Qxb4 Bxb4+ 18. Kf2 f5 19. b3 fxe4 20. bxc4 b5 21. Rb1 Bc5+ 22. Be3 Be7 23. Bg2 O-O 24. f4 bxc4 25. Bxe4 d5 26. Bf3 Bf6 27. Bc5 Rf7 28. e4 Rc7 29. Be3 d4 30. e5 dxe3+ 31. Kxe3 Raa7 32. exf6 Kf7 33. Rhc1 Rc5 34. Kd4 Rac7 35. Rc3 Kxf6 36. Be4 Ra5 37. Rb2 Ra4 38. g4 h6 39. h4 Kg7 40. g5 Rd7+ 41. Ke3 Rc7 42. a3 Ra5 43. Rb4 Bd7 44. Rb6 Bc8 45. Rb4 Bd7 46. Kd4 Bb5 47. Bc2 Rf7 48. Ke3 Bd7 49. Rb6 Bc8 50. Rc6 Bd7 51. Rd6 Bc8 52. Be4 Rc5 53. Rb6 Ra5 54. Rc6 Bd7 55. Rc7 hxg5 56. fxg5 Be8 57. R7xc4 Rb5 58. Rc8 Bd7 59. Rd8 Ra5 60. g6 Re7 61. Rc7 Rxa3+ 62. Kd2 Ra2+ 63. Kc1 1-0

[Event "Europa ch 2008"]
[Site "Plovdiv BUL"]
[Date "2008.04.26"]
[Round "6.37"]
[White "Buhmann, Rainer"]
[Black "Volokitin, Andrei"]
[Result "0-1"]
[WhiteElo "2569"]
[BlackElo "2684"]
[PlyCount "58"]
[EventDate "2008.04.21"]
[Source "www.chesslib.no"]
[SourceDate "2004.05.04"]

1. Nf3 c5 2. c4 Nc6 3. d4 cxd4 4. Nxd4 Nf6 5. Nc3 e6 6. g3 Qb6 7. Ndb5 Ne5 8. Bf4 Nfg4 9. Qa4 Bc5 10. O-O-O f6 11. Ne4 O-O 12. b4 Be7 13. h3 Qc6 14. Bg2 d5 15. hxg4 Qxc4+ 16. Nec3 a6 17. Qc2 axb5 18. Bxe5 fxe5 19. Rxd5 h6 20. Rd3 Bxb4 21. g5 Ra3 22. Ne4 Rxa2 23. Qxc4 bxc4 24. Re3 Bd7 25. g4 Rfa8 26. Nc3 Ba3+ 27. Kd1 Rd8 28. f3 Bc6+ 29. Ke1 Ra1+ 0-1

[Event "Pula"]
[Site "?"]
[Date "1997.??.??"]
[Round "?"]
[White "Timman, J."]
[Black "Alterman, B."]
[Result "0-1"]
[WhiteElo "2630"]
[BlackElo "2595"]
[PlyCount "66"]
[EventDate "1997.??.??"]
[Source "ChessBase"]
[SourceDate "1997.02.01"]

1. c4 c5 2. Nf3 Nc6 3. Nc3 Nf6 4. d4 cxd4 5. Nxd4 e6 6. g3 Qb6 7. Ndb5 Ne5 8. Bg2 a6 9. Qa4 Rb8 10. Be3 Bc5 11. Bxc5 Qxc5 12. Qa3 b6 13. Nd6+ Ke7 14. Qxc5 bxc5 15. Nxc8+ Rhxc8 16. b3 d5 17. cxd5 c4 18. b4 Rxb4 19. h3 Ne8 20. f4 Nd7 21. dxe6 fxe6 22. Be4 Nef6 23. Bc2 Nc5 24. Rd1 Rb2 25. Rd2 Rd8 26. Rf1 Nd5 27. Nxd5+ Rxd5 28. a3 c3 29. Rxd5 exd5 30. Kd1 Ra2 31. e3 Ne4 32. Rf3 h6 33. f5 Nd2 0-1

[Event "50th It"]
[Site "Reggio Emilia ITA"]
[Date "2008.01.01"]
[Round "4"]
[White "Marin, Mi"]
[Black "Gashimov, V."]
[Result "1/2-1/2"]
[WhiteElo "2551"]
[BlackElo "2664"]
[PlyCount "41"]
[EventDate "2007.12.29"]
[Source "www.chesslib.no"]
[SourceDate "2004.05.04"]

1. Nf3 c5 2. c4 Nc6 3. d4 cxd4 4. Nxd4 Nf6 5. Nc3 e6 6. g3 Qb6 7. Ndb5 Bc5 8. Bg2 a6 9. Nd6+ Ke7 10. Nde4 Nxe4 11. Nxe4 Bb4+ 12. Kf1 d5 13. cxd5 Rd8 14. Be3 Qb5 15. Nc3 Bxc3 16. bxc3 exd5 17. Rb1 Qc4 18. Qd3 Qxd3 19. Bc5+ Kf6 20. exd3 b5 21. Ke2 1/2-1/2

[Event "Beer Sheba m"]
[Site "?"]
[Date "1995.??.??"]
[Round "3"]
[White "Kortchnoi, V."]
[Black "Greenfeld, A."]
[Result "1-0"]
[WhiteElo "2635"]
[BlackElo "2570"]
[PlyCount "85"]
[EventDate "1995.??.??"]
[Source "www.chesslib.no"]
[SourceDate "2004.05.04"]

1. c4 c5 2. Nf3 Nc6 3. d4 cxd4 4. Nxd4 Nf6 5. Nc3 e6 6. g3 Qb6 7. Ndb5 Ne5 8. Bf4 Nfg4 9. e3 Qc6 10. h3 Nf3+ 11. Ke2 Nge5 12. b3 g5 13. Bg2 gxf4 14. exf4 a6 15. fxe5 axb5 16. Bxf3 Qc5 17. Nxb5 Qxe5+ 18. Kf1 Bg7 19. Kg2 Qxa1 20. Nc7+ Kd8 21. Qxa1 Bxa1 22. Nxa8 Bd4 23. b4 b6 24. Rd1 e5 25. a4 Rg8 26. c5 bxc5 27. b5 Rg6 28. b6 Rf6 29. Rb1 c4 30. b7 Bxb7 31. Rxb7 d5 32. Rb8+ Kd7 33. a5 c3 34. Bg4+ Kc6 35. f4 c2 36. a6 Bc5 37. Rc8+ Kb5 38. Nc7+ Kc4 39. Be2+ Kb3 40. Ne6 c1=Q 41. Nxc5+ Ka3 42. a7 Ra6 43. a8=Q 1-0

[Event "3rd Rector Cup, Kharkov RUS"]
[Site "?"]
[Date "2001.??.??"]
[Round "1"]
[White "Pelletier, Y."]
[Black "Ponomariov, R."]
[Result "1-0"]
[WhiteElo "2530"]
[BlackElo "2670"]
[PlyCount "89"]
[EventDate "2001.??.??"]
[Source "www.chesslib.no"]
[SourceDate "2004.05.04"]

1. Nf3 Nf6 2. c4 c5 3. Nc3 Nc6 4. d4 cxd4 5. Nxd4 e6 6. g3 Qb6 7. Ndb5 Ne5 8. Bg2 a6 9. Qa4 Rb8 10. Be3 Bc5 11. Bxc5 Qxc5 12. Qa3 Qxa3 13. Nxa3 Ke7 14. f4 Nc6 15. e4 d6 16. Nc2 Bd7 17. O-O-O Rhc8 18. Rd3 Na5 19. b3 b5 20. cxb5 axb5 21. Rhd1 b4 22. e5 Ng4 23. Rxd6 Rc7 24. Ne2 Nb7 25. Kb1 Nc5 26. R6d4 f6 27. R1d2 fxe5 28. fxe5 Nxe5 29. Nxb4 Be8 30. Nf4 g5 31. Nfd5+ exd5 32. Nxd5+ Kd8 33. Nxc7+ Kxc7 34. Rc2 Bg6 35. Be4 Bxe4 36. Rxe4 Ned7 37. Rd4 Rb7 38. Rxd7+ Kxd7 39. Rxc5 h6 40. Kb2 Rb4 41. a4 Re4 42. Rc2 h5 43. Ka3 Re5 44. Kb4 Kd6 45. a5 1-0

[Event "Novi Sad (ol)"]
[Site "?"]
[Date "1990.??.??"]
[Round "?"]
[White "Morovic Fernandez, I."]
[Black "Timman, J."]
[Result "1/2-1/2"]
[WhiteElo "2530"]
[BlackElo "2660"]
[PlyCount "86"]
[EventDate "1990.??.??"]
[Source "ChessBase"]
[SourceDate "1990.07.01"]

1. Nf3 Nf6 2. c4 c5 3. Nc3 Nc6 4. d4 cxd4 5. Nxd4 e6 6. g3 Qb6 7. Nb3 Ne5 8. e4 Bb4 9. Qe2 d6 10. f4 Nc6 11. Be3 Bxc3+ 12. bxc3 Qc7 13. Bg2 O-O 14. c5 d5 15. e5 Nd7 16. c4 d4 17. Nxd4 Nxd4 18. Bxd4 Nxc5 19. Qe3 Na4 20. Rc1 Bd7 21. O-O Rac8 22. g4 Bc6 23. Bh3 b6 24. f5 Kh8 25. g5 exf5 26. Bxf5 Bd7 27. Bc2 Nc5 28. Rf4 Be6 29. Qf2 Qe7 30. Qh4 g6 31. Rcf1 h5 32. Bd1 Kg7 33. Bxh5 Ne4 34. Rf6 Qd7 35. Qxe4 gxh5 36. Rh6 Rh8 37. Rff6 Rxh6 38. Rxh6 Rh8 39. Qf4 Rxh6 40. gxh6+ Kh7 41. Be3 Qd1+ 42. Kg2 Qc2+ 43. Bd2 Bxc4 1/2-1/2

[Event "TCh-CRO, Pula CRO"]
[Site "?"]
[Date "2001.??.??"]
[Round "4"]
[White "Delchev, A."]
[Black "Hulak, K."]
[Result "0-1"]
[WhiteElo "2625"]
[BlackElo "2565"]
[PlyCount "80"]
[EventDate "2001.??.??"]
[Source "www.chesslib.no"]
[SourceDate "2004.05.04"]

1. c4 c5 2. Nf3 Nf6 3. Nc3 Nc6 4. d4 cxd4 5. Nxd4 e6 6. g3 Qb6 7. Nb3 Ne5 8. e4 Bb4 9. Qe2 d6 10. Bd2 a5 11. Bg2 a4 12. Nb5 Bxd2+ 13. Nxd2 Bd7 14. f4 Neg4 15. e5 dxe5 16. fxe5 Bxb5 17. exf6 Ne3 18. cxb5 Nc2+ 19. Kd1 Nxa1 20. fxg7 Rg8 21. Qe4 Qxb5 22. Qxb7 Qxb7 23. Bxb7 Rb8 24. Nc4 Ke7 25. Na5 Kd6 26. Kd2 Rxg7 27. Kc3 Rg5 28. Nc4+ Kc5 29. Ba6 Nb3 30. axb3 Rxb3+ 31. Kc2 Rf5 32. Nd2 Rf2 33. Bd3 f5 34. Re1 Rb6 35. Kc3 Rc6 36. Nc4 Kb5 37. Kd4 Kb4 38. h4 Rf3 39. Rg1 Rc5 40. Be2 Rd5# 0-1

[Event "(m/4)"]
[Site "Vina del Mar CHI"]
[Date "1988.??.??"]
[Round "?"]
[White "Morovic Fernandez, Ivan E"]
[Black "Korchnoi, Viktor L"]
[Result "1/2-1/2"]
[WhiteElo "2545"]
[BlackElo "2640"]
[PlyCount "96"]
[EventDate "1988.??.??"]
[Source "www.chesslib.no"]
[SourceDate "2004.05.04"]

1. Nf3 Nf6 2. c4 c5 3. Nc3 Nc6 4. d4 cxd4 5. Nxd4 e6 6. g3 Qb6 7. Nb3 Ne5 8. e4 Bb4 9. Qe2 O-O 10. f4 Nc6 11. e5 Ne8 12. Bd2 f6 13. c5 Qc7 14. Nb5 Bxd2+ 15. Qxd2 Qb8 16. exf6 Nxf6 17. Bg2 b6 18. Nd6 a5 19. O-O a4 20. Nd4 Nxd4 21. Qxd4 bxc5 22. Qxc5 Ra6 23. Rfd1 Rb6 24. b3 Ba6 25. f5 Be2 26. Rd2 Bg4 27. fxe6 Bxe6 28. bxa4 Rb1+ 29. Rd1 Qb4 30. Qxb4 Rxb4 31. a5 Ra4 32. Nb7 Rc8 33. Rdc1 Rxc1+ 34. Rxc1 Rxa2 35. Rc8+ Kf7 36. Nd8+ Ke7 37. Nxe6 Kxe6 38. Bh3+ Ke5 39. Ra8 d5 40. a6 Ra1+ 41. Kf2 Ne4+ 42. Ke2 Ra2+ 43. Ke1 Kd4 44. a7 Ra1+ 45. Ke2 Nc3+ 46. Kf3 Nb5 47. Rb8 Nxa7 48. Rb7 Nc6 1/2-1/2

[Event "Chessfriend.com"]
[Site "?"]
[Date "2004.05.07"]
[Round "1"]
[White "Morgado Juan Sebastián"]
[Black "Taistra Eric"]
[Result "1/2-1/2"]
[WhiteElo "2596"]
[BlackElo "2584"]
[PlyCount "107"]
[EventDate "2004.??.??"]
[Source "www.chesslib.no"]
[SourceDate "2004.05.04"]

1. Nf3 c5 2. c4 Nc6 3. d4 cxd4 4. Nxd4 e6 5. Nc3 Nf6 6. g3 Qb6 7. Nb3 Ne5 8. e4 Bb4 9. Qe2 d6 10. Bd2 O-O 11. O-O-O Bd7 12. f4 Ng6 13. Bg2 Bc6 14. h4 h5 15. Bf3 Rac8 16. Kb1 a5 17. Na1 Rfe8 18. Nc2 e5 19. f5 Nf8 20. Nxb4 axb4 21. Nb5 Bxb5 22. cxb5 b3 23. axb3 d5 24. exd5 e4 25. Bg2 Nxd5 26. Rhe1 Nf6 27. Bc3 N8d7 28. Qc2 Nc5 29. Bf1 Ncd7 30. Bd4 Rxc2 31. Bxb6 Rcc8 32. Bf2 Ne5 33. b4 Nf3 34. Re2 Re5 35. Bc5 Rb8 36. b6 Rxf5 37. Bg2 Re8 38. Kc2 g6 39. Rf2 Ree5 40. Bh3 e3 41. Re2 Rxc5+ 42. bxc5 Rxc5+ 43. Kb3 Rd5 44. Rxd5 Nxd5 45. Kc4 Nxb6+ 46. Kc5 Na4+ 47. Kd5 Ng1 48. Rxe3 Nxh3 49. Rb3 Nf2 50. Rxb7 Nd1 51. b4 Ne3+ 52. Ke5 Kg7 53. b5 Nf5 54. b6 1/2-1/2

[Event "Bucuresti 72/40"]
[Site "?"]
[Date "1998.??.??"]
[Round "?"]
[White "Marin, Mihail"]
[Black "Nisipeanu, Liviu Dieter"]
[Result "1/2-1/2"]
[WhiteElo "2545"]
[BlackElo "2610"]
[PlyCount "44"]
[EventDate "1998.??.??"]
[Source "ChessBase"]
[SourceDate "1998.02.01"]

1. Nf3 Nf6 2. c4 c5 3. Nc3 Nc6 4. d4 cxd4 5. Nxd4 e6 6. g3 Qb6 7. Ndb5 Bc5 8. Nd6+ Ke7 9. Nde4 Nxe4 10. Nxe4 Bb4+ 11. Bd2 d5 12. cxd5 exd5 13. Nc3 Be6 14. Bg2 Rhd8 15. O-O d4 16. Na4 Qa5 17. Bxb4+ Qxb4 18. a3 Qb5 19. b4 a5 20. Nc5 axb4 21. axb4 Rxa1 22. Qxa1 Bc4 1/2-1/2

[Event "Dos Hermanas 87/19"]
[Site "?"]
[Date "2003.??.??"]
[Round "?"]
[White "Rustemov, A."]
[Black "Karjakin, S."]
[Result "1-0"]
[WhiteElo "2604"]
[BlackElo "2547"]
[PlyCount "127"]
[EventDate "2003.??.??"]
[Source "Chess Informant"]
[SourceDate "2003.02.01"]

1. c4 c5 2. Nf3 Nc6 3. d4 cxd4 4. Nxd4 Nf6 5. Nc3 e6 6. g3 Qb6 7. Ndb5 Bc5 8. Bg2 d5 9. O-O dxc4 10. Nd6+ Bxd6 11. Qxd6 Ne7 12. Qa3 Nfd5 13. Ne4 O-O 14. Nd6 c3 15. e4 Nb4 16. Nc4 Qc5 17. Qxc3 b5 18. Na3 Qxc3 19. bxc3 Nd3 20. Nxb5 Nxc1 21. Rfxc1 e5 22. Nc7 Rb8 23. Rab1 Bd7 24. Nd5 Nc6 25. Bf1 Rxb1 26. Rxb1 Rb8 27. Rb3 Kf8 28. f3 Be6 29. Kf2 Rd8 30. Rb5 Ne7 31. c4 Nc6 32. Ke3 Rc8 33. f4 f6 34. Bd3 Bd7 35. Rb7 Ke8 36. Kd2 Kd8 37. Kc3 Rb8 38. Rb5 Rc8 39. h4 h6 40. a3 Be6 41. Rb7 Bd7 42. fxe5 fxe5 43. Ne3 g6 44. Nd5 Rb8 45. Rb5 Rc8 46. Rc5 Nd4 47. Ra5 Nc6 48. Ra6 g5 49. Nb4 gxh4 50. gxh4 Rc7 51. Bc2 h5 52. Bd1 Nxb4 53. axb4 Bc6 54. Ra5 Re7 55. Bf3 Be8 56. Kd3 Bf7 57. c5 Rd7+ 58. Kc3 Bg8 59. Bxh5 Rh7 60. Bg6 Rxh4 61. Bf5 Bf7 62. Rxa7 Be8 63. Ra8+ Ke7 64. Ra7+ 1-0

[Event "Russian Cup"]
[Site "?"]
[Date "1998.07.06"]
[Round "8"]
[White "Filippov Valerij"]
[Black "Balashov Yuri S"]
[Result "1/2-1/2"]
[WhiteElo "2595"]
[BlackElo "2555"]
[PlyCount "68"]
[EventDate "1998.??.??"]
[Source "www.chesslib.no"]
[SourceDate "2004.05.04"]

1. Nf3 c5 2. c4 Nc6 3. d4 cxd4 4. Nxd4 Nf6 5. Nc3 e6 6. g3 Qb6 7. Nb3 d5 8. cxd5 Nxd5 9. Nxd5 exd5 10. Bg2 Bb4+ 11. Bd2 Bg4 12. O-O Rd8 13. Bxb4 Qxb4 14. Rc1 O-O 15. Qd3 Rfe8 16. e3 d4 17. Bxc6 bxc6 18. Nxd4 c5 19. Qb3 Qb6 20. Qxb6 axb6 21. Nb3 Rd3 22. Rc2 Red8 23. f3 Be6 24. Re1 Bxb3 25. axb3 Rxb3 26. Kf2 f5 27. e4 Rdd3 28. f4 Rf3+ 29. Kg2 fxe4 30. Rxe4 Rfe3 31. Ra4 Kf7 32. Ra7+ Re7 33. Ra6 h6 34. Kh3 g6 1/2-1/2

[Event "Ch. du Commonwealth"]
[Site "Ch. du Commonwealth"]
[Date "1985.??.??"]
[Round "5"]
[White "Spraggett, Kevin B"]
[Black "Chandler, Murray G"]
[Result "1-0"]
[WhiteElo "2560"]
[BlackElo "2585"]
[PlyCount "67"]
[EventDate "1985.??.??"]
[Source "www.chesslib.no"]
[SourceDate "2004.05.04"]

1. c4 c5 2. Nf3 Nf6 3. Nc3 Nc6 4. d4 cxd4 5. Nxd4 e6 6. g3 Qb6 7. Nb3 d5 8. cxd5 Nxd5 9. Nxd5 exd5 10. Bg2 Bb4+ 11. Bd2 Bg4 12. O-O Rd8 13. Bxb4 Qxb4 14. Qc2 O-O 15. Rfd1 Qc4 16. Rd2 Rfe8 17. e3 g6 18. h3 Bf5 19. Qd1 Be4 20. Rc1 Qb4 21. Nd4 Qb6 22. Rc3 Nxd4 23. Rxd4 Rc8 24. Qc1 Qe6 25. f3 Bb1 26. Qxb1 Rxc3 27. bxc3 Qxe3+ 28. Kh2 Qf2 29. Qf1 Qxa2 30. f4 a5 31. Qb5 Re1 32. Rxd5 Qf2 33. Qc5 Re3 34. Rd8+ 1-0

[Event "Harplinge"]
[Site "Harplinge"]
[Date "1998.08.21"]
[Round "7"]
[White "Agrest, Evgenij"]
[Black "Emms, John M"]
[Result "1/2-1/2"]
[WhiteElo "2545"]
[BlackElo "2585"]
[PlyCount "117"]
[EventDate "1998.08.15"]
[Source "ChessBase"]
[SourceDate "1998.11.30"]

1. c4 c5 2. Nf3 Nc6 3. d4 cxd4 4. Nxd4 Nf6 5. Nc3 e6 6. g3 Qb6 7. Ndb5 Ne5 8. Bg2 a6 9. Qa4 Rb8 10. Be3 Bc5 11. Bxc5 Qxc5 12. Qa3 b6 13. Nd6+ Ke7 14. Qxc5 bxc5 15. Nxc8+ Rhxc8 16. b3 g5 17. h3 h5 18. f4 gxf4 19. gxf4 Ng6 20. Rf1 d6 21. Bh1 Rg8 22. e3 Nh4 23. Kf2 Nf5 24. Rg1 h4 25. Bf3 Rxg1 26. Rxg1 Ng3 27. Rd1 Nd7 28. Bc6 f5 29. Bxd7 Kxd7 30. Rg1 Kc6 31. Kf3 a5 32. e4 fxe4+ 33. Nxe4 Nxe4 34. Kxe4 a4 35. bxa4 Rb4 36. Rc1 Rxa4 37. f5 exf5+ 38. Kxf5 d5 39. cxd5+ Kxd5 40. Rc2 Kd4 41. Rc1 Kd5 42. Kg5 Rd4 43. a3 c4 44. a4 Kc5 45. a5 Kb5 46. Ra1 Ka6 47. Ra4 Rd5+ 48. Kxh4 Rc5 49. Kg4 c3 50. Ra1 c2 51. Rc1 Kxa5 52. h4 Kb4 53. h5 Kb3 54. h6 Kb2 55. Rxc2+ Rxc2 56. Kg5 Rh2 57. Kg6 Kc3 58. h7 Rxh7 59. Kxh7 1/2-1/2

[Event "Sverige (ch)"]
[Site "?"]
[Date "2003.??.??"]
[Round "?"]
[White "Agrest, E."]
[Black "Wedberg, T."]
[Result "1/2-1/2"]
[WhiteElo "2591"]
[BlackElo "2539"]
[PlyCount "45"]
[EventDate "2003.??.??"]
[Source "Chess Informant"]
[SourceDate "2003.10.01"]

1. Nf3 Nf6 2. c4 c5 3. Nc3 Nc6 4. d4 cxd4 5. Nxd4 e6 6. g3 Qb6 7. Ndb5 Ne5 8. Bg2 a6 9. Na3 Bxa3 10. bxa3 Nxc4 11. Bg5 Qc5 12. Bxf6 gxf6 13. O-O d5 14. e4 d4 15. Na4 Qd6 16. Rc1 Nxa3 17. e5 fxe5 18. Nc5 O-O 19. Qg4+ Kh8 20. Qf3 Nb5 21. Qf6+ Kg8 22. Qg5+ Kh8 23. Qf6+ 1/2-1/2

[Event "Drury Lane Grandmasters"]
[Site "?"]
[Date "1997.??.??"]
[Round "8"]
[White "Lalic, Bogdan"]
[Black "Emms, John"]
[Result "1/2-1/2"]
[WhiteElo "2585"]
[BlackElo "2535"]
[PlyCount "39"]
[EventDate "1997.??.??"]
[Source "www.chesslib.no"]
[SourceDate "2004.05.04"]

1. c4 c5 2. Nf3 Nc6 3. d4 cxd4 4. Nxd4 Nf6 5. Nc3 e6 6. g3 Qb6 7. Ndb5 Ne5 8. Bf4 Nfg4 9. e3 a6 10. h3 axb5 11. hxg4 Nxc4 12. Qb3 d5 13. Bxc4 dxc4 14. Qxb5+ Qxb5 15. Nxb5 Bb4+ 16. Ke2 O-O 17. Bd6 Bxd6 18. Nxd6 e5 19. g5 Be6 20. Rh4 1/2-1/2

[Event "Cambridge"]
[Site "?"]
[Date "1991.??.??"]
[Round "?"]
[White "Rohde, M."]
[Black "Gulko, B."]
[Result "1/2-1/2"]
[WhiteElo "2550"]
[BlackElo "2565"]
[PlyCount "76"]
[EventDate "1991.??.??"]
[Source "ChessBase"]
[SourceDate "1991.06.01"]

1. Nf3 Nf6 2. c4 c5 3. Nc3 Nc6 4. d4 cxd4 5. Nxd4 e6 6. g3 Qb6 7. Nb3 Ne5 8. e4 Bb4 9. Qe2 d6 10. f4 Nc6 11. Be3 Qc7 12. Bg2 Bxc3+ 13. bxc3 b6 14. e5 dxe5 15. fxe5 Nd7 16. Nd4 Nxd4 17. cxd4 Bb7 18. Bxb7 Qxb7 19. O-O O-O 20. Qg4 Kh8 21. Rf2 Qc6 22. Raf1 f6 23. exf6 Nxf6 24. Bh6 Rg8 25. Qh4 Ne8 26. Rf8 Qd6 27. Rxg8+ Kxg8 28. Bg5 Nc7 29. Be7 Qd7 30. Ba3 h6 31. Qe4 Rd8 32. Kg2 b5 33. cxb5 Nxb5 34. Bc5 Nc3 35. Qf3 Nd5 36. Rb1 a6 37. Kg1 Qc6 38. a3 Rc8 1/2-1/2

[Event "CRO-chT"]
[Site "Medulin"]
[Date "1997.??.??"]
[Round "?"]
[White "Lalic, Bogdan"]
[Black "Hulak, Krunoslav"]
[Result "1/2-1/2"]
[WhiteElo "2585"]
[BlackElo "2525"]
[PlyCount "32"]
[EventDate "1997.??.??"]
[Source "www.chesslib.no"]
[SourceDate "2004.05.04"]

1. c4 c5 2. Nf3 Nf6 3. Nc3 Nc6 4. d4 cxd4 5. Nxd4 e6 6. g3 Qb6 7. Ndb5 Ne5 8. Bf4 Nfg4 9. e3 a6 10. h3 axb5 11. hxg4 Nxc4 12. Qb3 d5 13. Bxc4 dxc4 14. Qxb5+ Qxb5 15. Nxb5 Bb4+ 16. Ke2 Ke7 1/2-1/2

[Event "Donetsk (zt) 74/40"]
[Site "?"]
[Date "1998.??.??"]
[Round "?"]
[White "Tukmakov, Vladimir B"]
[Black "Berelovich, Aleksandar"]
[Result "1-0"]
[WhiteElo "2605"]
[BlackElo "2495"]
[PlyCount "75"]
[EventDate "1998.??.??"]
[Source "ChessBase"]
[SourceDate "1998.10.01"]

1. Nf3 Nf6 2. c4 c5 3. Nc3 Nc6 4. d4 cxd4 5. Nxd4 e6 6. g3 Qb6 7. Nb3 Ne5 8. e4 Bb4 9. Qe2 d6 10. Bd2 O-O 11. O-O-O a5 12. f4 Nc6 13. Be3 Qa6 14. Nb5 a4 15. Nd2 a3 16. b3 Qa5 17. Bg2 e5 18. f5 Bd7 19. g4 Rfc8 20. g5 Ne8 21. Kb1 Ne7 22. Rc1 d5 23. exd5 Nxf5 24. Ne4 Bxb5 25. cxb5 Nxe3 26. Qxe3 Nd6 27. Nxd6 Bxd6 28. b6 g6 29. h4 Bc5 30. Qh3 Qxb6 31. h5 Rc7 32. Be4 Qb4 33. Rc4 Qd2 34. Rc2 Qd4 35. hxg6 Qxe4 36. Qxh7+ Kf8 37. g7+ Ke7 38. Qxe4 1-0

[Event "Russia (ch) 74/39"]
[Site "?"]
[Date "1998.??.??"]
[Round "?"]
[White "Epishin, Vladimir"]
[Black "Yemelin, Vasily"]
[Result "0-1"]
[WhiteElo "2585"]
[BlackElo "2510"]
[PlyCount "54"]
[EventDate "1998.??.??"]
[Source "ChessBase"]
[SourceDate "1998.10.01"]

1. Nf3 c5 2. c4 Nc6 3. Nc3 Nf6 4. d4 cxd4 5. Nxd4 e6 6. g3 Qb6 7. e3 Bb4 8. a3 Bxc3+ 9. bxc3 O-O 10. a4 d5 11. Ba3 Rd8 12. Bg2 dxc4 13. O-O e5 14. Rb1 Qa5 15. Nxc6 bxc6 16. Qe2 Qxc3 17. Bb4 Qd3 18. Qxd3 cxd3 19. Bxc6 Bh3 20. Rfd1 Rab8 21. Ba5 Rxb1 22. Rxb1 Rc8 23. Bb7 Rc5 24. Bb4 Rc2 25. f3 h5 26. e4 d2 27. Ba3 Ra2 0-1

[Event "TCh-SWE Elitserien 2004-5"]
[Site "?"]
[Date "2004.11.06"]
[Round "2"]
[White "Agrest Evgenij"]
[Black "Hall Jesper"]
[Result "1/2-1/2"]
[WhiteElo "2604"]
[BlackElo "2487"]
[PlyCount "56"]
[EventDate "2004.??.??"]
[Source "www.chesslib.no"]
[SourceDate "2004.05.04"]

1. Nf3 c5 2. c4 Nc6 3. d4 cxd4 4. Nxd4 Nf6 5. Nc3 e6 6. g3 Qb6 7. Ndb5 Ne5 8. Bg2 a6 9. Na3 Bxa3 10. bxa3 Nxc4 11. Bg5 Qc5 12. Bxf6 gxf6 13. O-O Ne3 14. Qd3 Nxf1 15. Ne4 Qe5 16. Nd6+ Ke7 17. Rd1 Nxg3 18. hxg3 a5 19. a4 Kf8 20. Rb1 Kg7 21. Rb5 Qa1+ 22. Kh2 Ra6 23. Rc5 Rxd6 24. Qxd6 Qxa2 25. Qd4 d5 26. Qg4+ Kh6 27. Qh4+ Kg7 28. Qg4+ Kh6 1/2-1/2

[Event "Sochi"]
[Site "Sochi"]
[Date "1986.??.??"]
[Round "15"]
[White "Eingorn, Vereslav S"]
[Black "Gligoric, Svetozar"]
[Result "1/2-1/2"]
[WhiteElo "2570"]
[BlackElo "2520"]
[PlyCount "82"]
[EventDate "1986.09.??"]
[Source "ChessBase"]

1. Nf3 Nf6 2. c4 c5 3. Nc3 Nc6 4. d4 cxd4 5. Nxd4 e6 6. g3 Qb6 7. Nb3 d5 8. cxd5 Nxd5 9. Nxd5 exd5 10. Bg2 Bb4+ 11. Bd2 a5 12. O-O Bxd2 13. Qxd2 a4 14. Nc1 O-O 15. Nd3 Rd8 16. Nf4 d4 17. Rac1 h6 18. Nd5 Qa7 19. Rfd1 Bd7 20. Qf4 Qa5 21. Qd2 Be6 22. Qxa5 Rxa5 23. Rxc6 Bxd5 24. Rb6 Bxa2 25. Rxb7 Bc4 26. Rd2 a3 27. bxa3 Rxa3 28. Be4 Kf8 29. f3 Ra2 30. Rxa2 Bxa2 31. Bd3 Be6 32. Kf2 Rd7 33. Rb8+ Ke7 34. f4 g6 35. Rb4 Rd6 36. Be4 Kf6 37. Ke1 g5 38. Rb5 gxf4 39. gxf4 Bc4 40. Rf5+ Kg7 41. Rc5 Re6 1/2-1/2

[Event "Kemerovo1"]
[Site "Kemerovo"]
[Date "1995.??.??"]
[Round "9"]
[White "Filippov, Valerij"]
[Black "Pigusov, Evgeny"]
[Result "1-0"]
[WhiteElo "2510"]
[BlackElo "2580"]
[PlyCount "79"]
[EventDate "1995.08.??"]
[Source "ChessBase"]

1. Nf3 Nf6 2. c4 c5 3. Nc3 Nc6 4. d4 cxd4 5. Nxd4 e6 6. g3 Qb6 7. Nb3 Ne5 8. e4 Bb4 9. Qe2 d6 10. f4 Nc6 11. Be3 Qc7 12. Bg2 b6 13. Rc1 Bb7 14. O-O Bxc3 15. Rxc3 Nd7 16. Rd1 Nc5 17. e5 Nxb3 18. exd6 Qd7 19. Rxb3 Na5 20. Bxb7 Nxb7 21. c5 Nxc5 22. Bxc5 bxc5 23. Qe4 O-O 24. Rb7 Qd8 25. d7 Qa5 26. Qc6 Qxa2 27. Qxc5 Qa6 28. Rxa7 Qe2 29. Qd4 Rad8 30. b4 h5 31. Rd2 Qe1+ 32. Kg2 Qb1 33. Rb2 Qc1 34. b5 Rb8 35. b6 Qc6+ 36. Kh3 e5 37. Qxe5 Rxb6 38. Rc7 Qd6 39. Rxb6 Qxb6 40. Rc8 1-0

[Event "3rd Rector Cup, Kharkov RUS"]
[Site "?"]
[Date "2001.??.??"]
[Round "7"]
[White "Pelletier, Y."]
[Black "Eljanov, P."]
[Result "1/2-1/2"]
[WhiteElo "2530"]
[BlackElo "2555"]
[PlyCount "85"]
[EventDate "2001.??.??"]
[Source "www.chesslib.no"]
[SourceDate "2004.05.04"]

1. Nf3 c5 2. c4 Nc6 3. d4 cxd4 4. Nxd4 e6 5. Nc3 Nf6 6. g3 Qb6 7. Ndb5 Ne5 8. Bg2 a6 9. Qa4 Rb8 10. Be3 Bc5 11. Bxc5 Qxc5 12. Qa3 Qxa3 13. Nxa3 d6 14. f4 Nc6 15. Nc2 Bd7 16. O-O-O Ke7 17. Rd3 Rhd8 18. e4 Be8 19. Re1 Nd7 20. g4 Nc5 21. Rh3 h6 22. b3 Rbc8 23. Nd5+ exd5 24. exd5+ Kf8 25. dxc6 Bxc6 26. Bxc6 bxc6 27. g5 d5 28. gxh6 gxh6 29. b4 Ne4 30. Rxh6 Nf2 31. Rh8+ Kg7 32. Rxd8 Rxd8 33. Rf1 Nd3+ 34. Kd2 dxc4 35. Kc3 c5 36. a3 cxb4+ 37. axb4 Kf6 38. Ne3 Rb8 39. Nd5+ Kf5 40. Kxc4 Ke4 41. Nc3+ Ke3 42. Nd5+ Ke4 43. Nc3+ 1/2-1/2